000 00386nam a2200169Ia 4500
008 210210b1966 xxu||||| |||| 00| 0 eng d
041 _aeng
082 _a534/127
100 _aWOOD (Elizabeth A)
245 _aCrystals and light
260 _aToronto
_bD Van Nostrand Co
_c1966
300 _a160
650 _alight
650 _aCrystals
690 _aPhysics
906 _a008615
999 _c126577
_d126577